000 00486nam a2200229Ia 4500
005 20250425161950.0
008 250425s9999 xx 000 0 und d
020 _a286656250X
041 _aita
082 _a708
100 _aLACLOTTE, MICHEL
245 0 _aLA PITTURA
250 _a1A ED.
260 _aFrancia
_bSCALA
_c2000
260 _aPARIS
300 _a165
650 _aARTE
650 _aMUSEOS
650 _aPINTURA FRANCESA
942 _c01
010 _a37826
999 _c219789
_d219789